THEORY AND DESING OF IRRIGATION STRUCTURE (VOL-1) (Record no. 5437)

MARC details
000 -LEADER
fixed length control field 00377nam a22001457a 4500
005 - DATE AND TIME OF LATEST TRANSACTION
control field 20170406113332.0
008 - FIXED-LENGTH DATA ELEMENTS--GENERAL INFORMATION
fixed length control field 170406b xxu||||| |||| 00| 0 eng d
041 ## - LANGUAGE CODE
Language code of text/sound track or separate title eng
100 ## - MAIN ENTRY--AUTHOR NAME
Personal name VARSHNEY, R.S. AND OTHERS
245 ## - TITLE STATEMENT
Title THEORY AND DESING OF IRRIGATION STRUCTURE (VOL-1)
250 ## - EDITION STATEMENT
Edition statement 5TH, 1983
260 ## - PUBLICATION, DISTRIBUTION, ETC. (IMPRINT)
Place of publication ROORKEE
Name of publisher NEM CHAN AND BROS
300 ## - PHYSICAL DESCRIPTION
Number of Pages 537
942 ## - ADDED ENTRY ELEMENTS (KOHA)
Koha item type Books
Holdings
Lost status Damaged status Home library Current library Shelving location Date acquired Source of acquisition Cost, normal purchase price Full call number Accession Number Koha item type
    JRU Library JRU Library SHELF-43-D 06/04/2017 PURCHESS 250.00 631.7 21744 Books
    JRU Library   SHELF-6-C 06/04/2017 PURCHESS 250.00 631.7 21745 Books